Аудит системы 5С в организации; Ресурсоэффективные системы в управлении и контроле: взгляд в будущее; Т. 2

Chi tiết về thư mục
Parent link:Ресурсоэффективные системы в управлении и контроле: взгляд в будущее: сборник научных трудов V Международной конференции школьников, студентов, аспирантов, молодых ученых, г. Томск. 3-8 октября 2016 г./ Национальный исследовательский Томский политехнический университет (ТПУ).— , 2016
Т. 2.— 2016.— [С. 76-78]
Tác giả chính: Кислицына А. Е.
Tác giả của công ty: Национальный исследовательский Томский политехнический университет (ТПУ) Институт неразрушающего контроля (ИНК) Кафедра физических методов и приборов контроля качества (ФМПК)
Tác giả khác: Янушевская М. Н. Марина Николаевна (научный руководитель)
Tóm tắt:Заглавие с титульного экрана
Ngôn ngữ:Tiếng Nga
Được phát hành: 2016
Loạt:Эффективные системы управления качеством
Những chủ đề:
Truy cập trực tuyến:http://earchive.tpu.ru/handle/11683/35078
Định dạng: MixedMaterials Điện tử Chương của sách
KOHA link:https://koha.lib.tpu.ru/cgi-bin/koha/opac-detail.pl?biblionumber=621234

MARC

LEADER 00000naa2a2200000 4500
001 621234
005 20231101133142.0
035 |a (RuTPU)RU\TPU\conf\19801 
035 |a RU\TPU\conf\19800 
090 |a 621234 
100 |a 20161206d2016 k y0rusy50 ca 
101 0 |a rus 
102 |a RU 
105 |a y z 101zy 
135 |a drcn ---uucaa 
181 0 |a i  
182 0 |a b 
200 1 |a Аудит системы 5С в организации  |f А. Е. Кислицына  |g науч. рук. М. Н. Янушевская 
203 |a Текст  |c электронный 
225 1 |a Эффективные системы управления качеством 
230 |a 1 компьютерный файл (pdf; 257 Kb) 
300 |a Заглавие с титульного экрана 
320 |a [Библиогр.: с. 78 (3 назв.)] 
461 1 |0 (RuTPU)RU\TPU\conf\19613  |t Ресурсоэффективные системы в управлении и контроле: взгляд в будущее  |o сборник научных трудов V Международной конференции школьников, студентов, аспирантов, молодых ученых, г. Томск. 3-8 октября 2016 г.  |o в 3 т.  |f Национальный исследовательский Томский политехнический университет (ТПУ)  |d 2016 
463 1 |0 (RuTPU)RU\TPU\conf\19615  |t Т. 2  |v [С. 76-78]  |d 2016 
610 1 |a труды учёных ТПУ 
610 1 |a электронные ресурсы 
610 1 |a аудит 
610 1 |a организационно-технические мероприятия 
610 1 |a стандартизация 
610 1 |a организации 
610 1 |a чеканка 
610 1 |a продукция 
700 1 |a Кислицына  |b А. Е. 
702 1 |a Янушевская  |b М. Н.  |c специалист в области неразрушающего контроля  |c старший преподаватель Томского политехнического университета  |f 1969-  |g Марина Николаевна  |2 stltpush  |4 727 
712 0 2 |a Национальный исследовательский Томский политехнический университет (ТПУ)  |b Институт неразрушающего контроля (ИНК)  |b Кафедра физических методов и приборов контроля качества (ФМПК)  |h 68  |2 stltpush  |3 (RuTPU)RU\TPU\col\18709 
801 2 |a RU  |b 63413507  |c 20161210  |g RCR 
856 4 |u http://earchive.tpu.ru/handle/11683/35078 
942 |c BK